दि जंगल बुक-2 / (Record no. 171492)
[ view plain ]
| 000 -LEADER | |
|---|---|
| fixed length control field | 01122nam a22002177a 4500 |
| 005 - DATE AND TIME OF LATEST TRANSACTION | |
| control field | 20200114152207.0 |
| 010 ## - LCCN (DPL NO) | |
| LC control number | B-732012 |
| 020 ## - INTERNATIONAL STANDARD BOOK NUMBER | |
| Terms of availability | 500.00 |
| International Standard Book Number | 9788190482110 |
| 035 ## - SYSTEM CONTROL NUMBER | |
| System control number | B-732012 |
| 037 ## - SOURCE OF ACQUISITION | |
| Source of stock number/acquisition | डी.बी.ए.डी./ उपहार |
| 082 ## - DEWEY DECIMAL CLASSIFICATION NUMBER | |
| Classification number | क |
| 100 ## - MAIN ENTRY--PERSONAL NAME | |
| Personal name | किपलिंग, रूडयार्ड |
| 245 ## - TITLE STATEMENT | |
| Title | दि जंगल बुक-2 / |
| Statement of responsibility, etc | रूडयार्ड किपलिंग; उमापाठक द्वारा अनुवादित |
| 246 ## - VARYING FORM OF TITLE | |
| Title proper/short title | The Jangal Book-2 |
| Remainder of title | by Rudyard Kipling |
| 260 ## - PUBLICATION, DISTRIBUTION, ETC. (IMPRINT) | |
| Place of publication, distribution, etc | दिल्ली |
| Name of publisher, distributor, etc | गैलेक्सी पब्लिशर्स |
| Date of publication, distribution, etc | 2017 |
| 270 ## - ADDRESS | |
| Address | 1362,आत्माराम बिल्डिंग, ग्राउंड फ्लोर, कश्मीरी गेट |
| City | दिल्ली |
| Postal code | 110 006 |
| 300 ## - PHYSICAL DESCRIPTION | |
| Extent | 176 पृ.: |
| Dimensions | 21 सेमी (अजिल्द) |
| Other physical details | सचित्र |
| 700 ## - ADDED ENTRY--PERSONAL NAME | |
| Personal name | पाठक, उमा |
| 9 (RLIN) | 18821 |
| 942 ## - ADDED ENTRY ELEMENTS (KOHA) | |
| Source of classification or shelving scheme | Dewey Decimal Classification |
| Item type | Children Books |
| Call number suffix | किपलिं |
| Classification part | क |
| Withdrawn status | Lost status | Not for loan | Collection code | Home library | Current library | Date acquired | Source of acquisition | Cost, normal purchase price | Full call number | Barcode | Copy number | Cost, replacement price | Koha item type | Public note |
|---|---|---|---|---|---|---|---|---|---|---|---|---|---|---|
| Fiction | Central Library | Central Library | 14/01/2020 | उपहार/8.1.2020 | 500.00 | क किपलिं | B-732012 | 1 | 500.00 | Children Books | उपहार |
